| 000 | 00577nam a2200169 a 4500 | ||
|---|---|---|---|
| 001 | ASIN0028330501 | ||
| 005 | 20140918180647.0 | ||
| 008 | 140918s1999 xxu eng d | ||
| 020 | _a0028330501 (hardcover) | ||
| 020 | _a9780028330501 (hardcover) | ||
| 100 | 1 | _aGlencoe. | |
| 245 | 1 | 0 |
_aGlencoe mathematics : _bapplications and connections, course 1 / _cGlencoe. |
| 260 |
_a[S.l.] : _bGlencoe/Mcgraw-Hill, _c1999. |
||
| 300 |
_a666 p. ; _c28 cm. |
||
| 520 | _aHardcover Textbook. | ||
| 856 | 4 | 0 |
_3Amazon.com _uhttp://www.amazon.com/exec/obidos/ASIN/0028330501/chopaconline-20 |
| 999 |
_c10089 _d10089 |
||